Fr. Conceicao Rodrigues College of Engineering

Mechanical Engineers Reference Book (Record no. 22647)

MARC details
000 -LEADER
fixed length control field 00273nam a2200121Ia 4500
082 ## - DEWEY DECIMAL CLASSIFICATION NUMBER
Classification number 621
100 ## - MAIN ENTRY--PERSONAL NAME
Personal name Parrish/A.ed
245 ## - TITLE STATEMENT
Title Mechanical Engineers Reference Book
260 ## - PUBLICATION, DISTRIBUTION, ETC.
Name of publisher, distributor, etc. Buttorworth & Co
Place of publication, distribution, etc. London
Date of publication, distribution, etc. 1973
546 ## - LANGUAGE NOTE
Language note ENGLISH
654 ## - SUBJECT ADDED ENTRY--FACETED TOPICAL TERMS
Focus term mechanics
942 ## - ADDED ENTRY ELEMENTS (KOHA)
Koha item type BOOK
Holdings
Withdrawn status Lost status Damaged status Not for loan Collection Home library Current library Date acquired Cost, normal purchase price Inventory number Total Checkouts Full call number Barcode Date last seen Cost, replacement price Price effective from Koha item type
        AFT Fr. Agnel's C.Rodrigues College of Engineering Fr. Agnel's C.Rodrigues College of Engineering 17/03/2023 240.00 T-43   621 AFT1479 17/03/2023 240.00 17/03/2023 BOOK